000
00273nam a22001337a 4500
003
SGT
020
_a
9781847326430
082
_b
BRO
100
_a
BROOM,DAVE
245
_a
THE COMPLETE BARTENDERS GUIDE
260
_a
CARLTON BOOK
_c
2011
300
_a
399
942
_2
ddc
_c
BK
999
_c
16691
_d
16691